| 000 | 01032nam a2200325 a 4500 | ||
|---|---|---|---|
| 001 | 1953 | ||
| 003 | FISKH | ||
| 005 | 20251013085134.0 | ||
| 008 | 890522s1987 nyua j d 000 0 eng | ||
| 010 | _a 88205113 | ||
| 020 | _z9788120737686 | ||
| 040 |
_aDLC _cDLC _dDLC _beng |
||
| 042 | _alcac | ||
| 050 | 0 | 0 |
_aPE1628.5 _b.A53 1987 |
| 082 | 0 | 0 |
_a423 _219 |
| 100 | 1 | _aAnonymous | |
| 245 | 1 | 4 |
_aThe fisher-price picture dictionary / _cCover and interior illustrations by Michele Nidenoff |
| 260 |
_aNew York : _bSterling, _c2008. |
||
| 300 |
_a128 pages : _bcolor illustrations ; _c28 cm. |
||
| 505 | _aJ | ||
| 520 | _aOver 665 English words are defined by illustrations and brief sentences. | ||
| 521 | 8 |
_a500
_bLexile estimate |
|
| 521 | 8 |
_aJ
_bRaz-Plus |
|
| 650 | 0 |
_aEnglish language _xDictionaries, Juvenile. |
|
| 650 | 1 | _aPicture dictionaries. | |
| 700 | 1 |
_aNidenoff, Michele _eillustrator |
|
| 740 | 0 | _aPicture dictionary. | |
| 906 |
_a7 _bcbc _corignew _d2 _encip _f19 _gy-gencatlg |
||
| 942 |
_2ddc _cBK _n0 |
||
| 999 |
_c1953 _d1953 |
||